Normal view
MARC view
Entry Geographic Name
001 - CONTROL NUMBER
- control field: 42778
003 - CONTROL NUMBER IDENTIFIER
- control field: ARRUPE
005 - DATE AND TIME OF LATEST TRANSACTION
- control field: 20181008111656.0
008 - FIXED-LENGTH DATA ELEMENTS
- fixed length control field: 181008|| aca||aabn | a|a d
040 ## - CATALOGING SOURCE
- Original cataloging agency: ARRUPE
- Transcribing agency: ARRUPE
151 ## - HEADING--GEOGRAPHIC NAME
- Geographic name: Mozambique
- General subdivision: History
- Chronological subdivision: Revolution, 1964-1975
- Form subdivision: Personal narratives.
670 ## - SOURCE DATA FOUND
- Source citation: Work cat.: (ARRUPE)0: Paul, John, 1928-2009. 42777, Mozambique :, 1975.